Central Library OPAC University of Rajshahi

আন্তর্জাাতিক সম্পর্ক : (Record no. 84942)

MARC details
000 -LEADER
fixed length control field 00812nam a2200217 a 4500
001 - CONTROL NUMBER
control field 84942
003 - CONTROL NUMBER IDENTIFIER
rucl marc code BD-RjUL
005 - DATE AND TIME OF LATEST TRANSACTION
control field 20250518163316.0
008 - FIXED-LENGTH DATA ELEMENTS--GENERAL INFORMATION
fixed length control field 250518s1990 bg ||||| |||| 00| 0 ben d
035 ## - SYSTEM CONTROL NUMBER
System control number (BD-RjUL)84942
040 ## - CATALOGING SOURCE
Original cataloging agency BD-RjUL
Language of cataloging eng
Transcribing agency BD-RjUL
041 ## - LANGUAGE CODE
Language code of text/sound track or separate title ben
082 ## - DEWEY DECIMAL CLASSIFICATION NUMBER
Edition number 23
Classification number 327
Author mark and year KAA 1990
100 ## - MAIN ENTRY--PERSONAL NAME
Personal name কালাম, আবুল
9 (RLIN) 15507
245 ## - TITLE STATEMENT
Title আন্তর্জাাতিক সম্পর্ক :
Remainder of title তত্ত্বীয় ও বাস্তবরুপ /
Statement of responsibility, etc. আবুল কালাম
260 ## - PUBLICATION, DISTRIBUTION, ETC. (IMPRINT)
Place of publication, distribution, etc. ঢাকা :
Name of publisher, distributor, etc. বাংলা একাডেমী,
Date of publication, distribution, etc. ১৯৯০
300 ## - PHYSICAL DESCRIPTION
Pagination ২১৪ পৃ.;
Size ২২ সেমি.
650 ## - SUBJECT ADDED ENTRY--TOPICAL TERM
Topical term or geographic name as entry element আন্তর্জাাতিক সম্পর্ক
9 (RLIN) 15508
Topical term or geographic name as entry element International relations
942 ## - ADDED ENTRY ELEMENTS (KOHA)
Source of classification or shelving scheme Dewey Decimal Classification
Koha item type Books
Holdings
Lost status Source of classification or shelving scheme Damaged status Not for loan Collection code Permanent Location Current Location Shelving location Date acquired Source of acquisition Cost, normal purchase price Total Checkouts Full call number Date last seen Copy number Koha item type
  Dewey Decimal Classification   Not For Loan Non-fiction Central Library, University of Rajshahi Central Library, University of Rajshahi Reading Room 24/09/1992 Dhaka : Bangla Academi 60.00   B 327 KAA 1990 18/05/2025 C-1 Books